000 00775nam a2200289Ia 4500
005 20260324113228.0
008 008 260324s9999 xx 000 0 eng d
020 _a9781003452461
037 _aEBOOK
040 _aCRL
040 _beng
040 _cCRL
041 _2eng
041 _aeng
084 _qCRL
100 _aAnne Horak; Kimberley Daly; Shannon King
_91145936
245 0 _aCreating Equity and Access for Gifted Learners
245 0 _bImplementing A Problem-Based Professional Learning Experience Using the ExCEL Model
260 _bTaylor and Francis
260 _c2024
365 _a
365 _b230
856 _uhttp://www.taylorfrancis.com/books/9781003452461
942 _cEBOOK
999 _c1735479
_d1735479